Statistics for Characters in Beyonders #1

Click here to take the quiz!

General Stats

  • This quiz has been taken 6 times
    (5 since last reset)
  • The average score is 2 of 6

Answer Stats

HintAnswer% Correct
1. Protagonist from Vista, ColoradoJason Walker
100%
2. Protagonist from Olympia, WashingtonRachel Woodruff
80%
4. 11-year old Servant who works for the aboveHermie
20%
5. Hobo who "steals" food`Aster
0%
3. Loremaster that works at the Repository of LearningBridonus Keplin Dunscrip Garonicum the Ninth
0%
6. Woman who gives #1 directions and the above foodFranny
0%

Score Distribution

Percentile by Number Answered

Percent of People with Each Score

Your Score History

You have not taken this quiz since the last reset